| Registos Bibliográficos associados ao registo de autoridade |
|
Etiqueta de registo: 00254nam 2200025 450 001 2289365 003 http://id.bnportugal.gov.pt/bib/catbnp/2289365 100 ## $a20260701d2025 k y0pory01030103ba 101 0# $apor$deng 102 ## $aPT 105 ## $aa m 000yy 106 ## $ar 200 1# $aEscrita dos dias$fPedro Januário Gomes$gorient. Golgona Anghel 210 #9 $aLisboa$c[s.n.],$d2025 215 ## $a[285] p.$cil.$d30 cm 328 #1 $aTese dout. Estudos Portugueses (Estudos de Literatura), Faculdade de Ciências Sociais
e Humanas, Universidade NOVA de Lisboa, 2025 700 #1 $aGomes,$bPedro Januário$32002349 702 #1 $aAnghel,$bGolgona,$f1979-$4727$31494927 801 #0 $aPT$bBN$gRPC 966 ## $lBN$mFGMON$x1 971 ## $cssilva$d20260701
|
|
|